Leaders in current automobile industry development

Gespeichert in:
Bibliographische Detailangaben
1. Verfasser: Šimorová, Lenka
Format: Buchkapitel
Sprache:Englisch
Schlagworte:
Tags: Tag hinzufügen
Keine Tags, Fügen Sie das erste Tag hinzu!

MARC

LEADER 00000naa$a2200000$$$4500
001 0168297
005 20240502083411.3
041 0 |a eng 
044 |a UA 
245 1 0 |a Leaders in current automobile industry development  |c Lenka Šimorová 
610 2 0 |a priemysel automobilový 
610 2 0 |a automobily 
610 2 0 |a lídri 
610 2 0 |a výroba 
610 2 0 |a regióny 
610 2 0 |a porovnanie medzinárodné 
610 2 0 |a Európa 
610 2 0 |a Amerika 
610 2 0 |a Ázia 
610 2 0 |a Tichomorie 
610 2 0 |a Afrika 
100 1 |a Šimorová, Lenka